| 000 | 00910nam a2200265 i 4500 | ||
|---|---|---|---|
| 001 | bg | ||
| 003 | BPK | ||
| 005 | 20190719115238.0 | ||
| 008 | 030325s2002 pl a f |000 0 pol | ||
| 015 | _aPB 2003/5328 | ||
| 020 | _a8388384619 | ||
| 040 |
_aWA N _cBPK |
||
| 041 | 0 | _apol | |
| 080 | _a51 | ||
| 080 | _a(075.8) | ||
| 100 | 1 | _aKlepacz, Halina. | |
| 245 | 1 | 0 |
_aMatematyka : _bzbiór zadań z rozwiązaniami dla studentów uczelni ekonomicznych / _cHalina Klepacz. |
| 260 |
_aŁódź : _b"Absolwent", _c2002. |
||
| 300 |
_a339 s. : _bil. ; _c24 cm. |
||
| 650 | 4 |
_aMatematyka _xszkoły wyższe. |
|
| 655 | 4 | _aPodręczniki akademickie | |
| 856 |
_uhttp://dlibra.tu.koszalin.pl/dlibra/docmetadata?id=321&from=&dirids=1&ver_id=&lp=1&QI= _yBiblioteka Cyfrowa |
||
| 942 |
_2UKD _cKS |
||
| 856 |
_uhttp://koha.tu.koszalin.pl/cgi-bin/koha/opac-detail.pl?biblionumber=42690 _yKatalog online BPK |
||
| 999 |
_c42690 _d42690 |
||